|
|
|
|
| LEADER |
00000naa2a2200000 4500 |
| 001 |
389378 |
| 005 |
20231101063846.0 |
| 035 |
|
|
|a (RuTPU)RU\TPU\prd\21555
|
| 090 |
|
|
|a 389378
|
| 100 |
|
|
|a 20040122a2003 k y0rusy50 ca
|
| 101 |
0 |
|
|a rus
|
| 102 |
|
|
|a RU
|
| 200 |
1 |
|
|a Ядерная энергетика мира: состояние и перспективы
|f Л. Б. Преображенская
|
| 461 |
|
1 |
|0 (RuTPU)RU\TPU\prd\458
|x 0233-3619
|t Энергия: экономика, техника, экология
|o научно-популярный и общественно-политический журнал
|f Российская академия наук (РАН)
|d 1984-
|
| 463 |
|
1 |
|0 (RuTPU)RU\TPU\prd\20892
|t № 11
|v С. 11-17
|d 2003
|
| 610 |
1 |
|
|a ядерная энергетика
|
| 610 |
1 |
|
|a зарубежные страны
|
| 610 |
1 |
|
|a мировая энергетика
|
| 610 |
1 |
|
|a атомная энергетика
|
| 610 |
1 |
|
|a АЭС
|
| 700 |
|
1 |
|a Преображенская
|b Л. Б.
|
| 801 |
|
1 |
|a RU
|b 63413507
|c 20040122
|g PSBO
|
| 801 |
|
2 |
|a RU
|b 63413507
|c 20120516
|g RCR
|
| 942 |
|
|
|c BK
|